This or That: Spelling Bee Quiz Stats

 Plays Quiz Updated May 30, 2013

Challenge
Share
Tweet
Embed
Score 0/24 Timer 03:00
0 Plays Today
Name and Choices Correct Person % Correct
Jon: Bon Jovi or Wayne????
94.2%
Eric: Clapton or Estrada????
92.4%
Aleksandr: Graham Bell or Solzhenitsyn????
91.3%
Mark: Anthony or Twain????
90.7%
Stephen: King or Spielberg????
88.8%
Kelly: Grace or Kitty????
88.3%
Cyndi: Crawford or Lauper????
87.7%
Victor: Hugo or Krum????
87.1%
Katy: Couric or Perry????
87.1%
Johnny: Cash or Quest????
86.8%
Louis: Armstrong or Carroll????
85.4%
Toni: Blair or Morrison????
81.2%
Name and Choices Correct Person % Correct
Karl: Jung or Marx????
80.6%
Idle: Billy or Eric????
78.1%
Berry: Dave or Halle????
75.7%
Barbra: Bush or Streisand????
73.5%
Gregg: Allman or Norman????
68.5%
Debra: Gibson or Winger????
67.8%
Hilary: Clinton or Swank????
67.7%
Edward: Elgar or Grieg????
61.3%
Rodgers: Kenny or Richard????
55.3%
Glenn: Campbell or Miller????
50.9%
Katharine: Hepburn or O'Hara????
49.3%
Itzhak: Perlman or Rabin????
45.2%

You're not logged in!

Compare scores with friends on all Sporcle quizzes.
Join for Free
OR
Log In

You Might Also Like...

Show Comments

Extras

Top Quizzes Today


Score Distribution

Your Account Isn't Verified!

In order to create a playlist on Sporcle, you need to verify the email address you used during registration. Go to your Sporcle Settings to finish the process.

Report this User

Report this user for behavior that violates our Community Guidelines.

Details: